000 00315nam a22001217a 4500
082 _a954.91
_bMAL
100 _aCapt.Iftikhar Ahmed Malik
245 _aHistory of Pakistan Merchant Navy 1947-2025
260 _aKarachi:
_bFarid Printing Press;
_c2025.
300 _a209p.
563 _aHB
942 _2ddc
_cBK
999 _c617402
_d617402